Membres de l'Union Européenne Par Drapeaux - Mort Subite - Statistiques

Statistiques générales
  • Ce quiz a été pris 1 380 fois
  • Le résultat moyen est 12 sur 27
Answers on the Grid
Answers color-coded by a green-red scale on the quiz's grid according to % correct below.
 
Statistiques - réponses
Réponse % Correct
Belgium
79%
France
77%
Germany
65%
Italy
61%
Greece
59%
Austria
59%
Croatia
57%
Ireland
55%
Czech Republic
52%
Denmark
49%
Spain
47%
Finland
46%
Estonia
46%
Luxembourg
44%
Portugal
44%
Bulgaria
42%
Cyprus
41%
Netherlands
40%
Hungary
38%
Sweden
34%
Latvia
32%
Lithuania
29%
Romania
27%
Malta
26%
Poland
26%
Slovenia
26%
Slovakia
25%
Aucun quiz correspondant
Distribution des résultats
% des personnes avec chaque résultat
Percentile par nombre de réponses
Votre historique - résultats
Vous n’avez pas pris ce quiz